Welcome to the Holygrace Academy Library

Please use search bar below to get started

LEARNING TO COMMUNICATE (Record no. 7382)

MARC details
000 -LEADER
fixed length control field 00281nam a22001337a 4500
082 ## - DEWEY DECIMAL CLASSIFICATION NUMBER
Classification number 823
Item number RAM/L
100 ## - MAIN ENTRY--AUTHOR NAME
Personal name RAM K, S
100 ## - MAIN ENTRY--AUTHOR NAME
Personal name PAUL, G
245 ## - TITLE STATEMENT
Title LEARNING TO COMMUNICATE
260 ## - PUBLICATION, DISTRIBUTION, ETC. (IMPRINT)
Place of publication DELHI
Name of publisher OXFORD
Year of publication 2000
300 ## - PHYSICAL DESCRIPTION
Number of Pages 103
650 ## - SUBJECT ADDED ENTRY--TOPICAL TERM
Topical Term ENGLISH STORY
Geographic subdivision INDIA
942 ## - ADDED ENTRY ELEMENTS (KOHA)
Koha item type Books
Holdings
Withdrawn status Lost status Collection code Home library Current library Date acquired Source of acquisition Cost, normal purchase price Full call number Accession Number Koha item type
Withdrawn Damaged Item Fiction Main Library Main Library 07/05/2004 purchase 47.00 823 RAM/L 00410 Books
Withdrawn Damaged Item Fiction Main Library Main Library 07/05/2004 purchase 41.00 823 RAM/L 00413 Books